[Event "Czech Women's Championship"]
[Site "chess24.com"]
[Date "2020.09.13"]
[Round "9"]
[White "Olsarova, Karolina"]
[Black "Kulovana, Eva"]
[Result "0-1"]
[WhiteElo "2286"]
[BlackElo "2178"]
[Board "5"]
[WhiteTitle "WGM"]
[WhiteCountry "CZE"]
[WhiteFideId "320242"]
[WhiteEloChange "-13"]
[BlackTitle "WGM"]
[BlackCountry "CZE"]
[BlackFideId "318779"]
[BlackEloChange "13"]

1.Nf3 d5 2.d4 Nf6 3.c4 c6 4.Nc3 a6 5.c5 g6 6.h3 Bg7 7.Bf4 O-O 8.e3 Re8 9.
Be2 Nfd7 10.O-O e5 11.Nxe5 Nxe5 12.Bxe5 Bxe5 13.dxe5 Rxe5 14.Qd4 Qe7 15.b4
Nd7 16.Rfc1 Nf6 17.Bf1 Bd7 18.Qh4 g5 19.Qg3 Kh8 20.Bd3 Rg8 21.Ne2 g4 22.
hxg4 Bxg4 23.Nf4 Reg5 24.Rc3 Nh5 25.Qh2 R8g7 26.Bf1 Bf3 27.Nxh5 Rxh5 28.
Qb8+ Rg8 29.Qf4 Be4 30.f3 Rf5 31.fxe4 Rxf4 32.exf4 Qxe4 33.Rd1 Qxb4 34.Rf3
Qxc5+ 35.Kh2 Rg6 36.Rh3 Kg7 37.Bd3 Rh6 0-1